Bài tập hình học 11
Bài tập Hình học 11 bao gồm các bài về: phép dời hình và phép đồng dạng trong mặt phẳng, đường thẳng và mặt phẳng trong không gian và quan hệ song song, vectơ trong không gian quan hệ vuông góc trong không gian....
Đã lưu trong:
| 主要作者: | |
|---|---|
| 格式: | 图书 |
| 语言: | Undetermined |
| 出版: |
Hà Nội
Giáo dục Việt Nam
2015
|
| 主题: | |
| 标签: |
添加标签
没有标签, 成为第一个标记此记录!
|
| Thư viện lưu trữ: | Trung tâm Học liệu Trường Đại học Cần Thơ |
|---|
| LEADER | 00943nam a2200217Ia 4500 | ||
|---|---|---|---|
| 001 | CTU_217019 | ||
| 008 | 210402s9999 xx 000 0 und d | ||
| 020 | |c 14000 | ||
| 082 | |a 516.0076 | ||
| 082 | |b H600 | ||
| 100 | |a Nguyễn, Mộng Hy | ||
| 245 | 0 | |a Bài tập hình học 11 | |
| 245 | 0 | |c Nguyễn Mộng Hy (Chủ biên) | |
| 260 | |a Hà Nội | ||
| 260 | |b Giáo dục Việt Nam | ||
| 260 | |c 2015 | ||
| 520 | |a Bài tập Hình học 11 bao gồm các bài về: phép dời hình và phép đồng dạng trong mặt phẳng, đường thẳng và mặt phẳng trong không gian và quan hệ song song, vectơ trong không gian quan hệ vuông góc trong không gian. | ||
| 650 | |a Geometry,Hình học | ||
| 650 | |x Study and teaching (Secondary),Dạy và học (Trung học) | ||
| 904 | |i Hải | ||
| 980 | |a Trung tâm Học liệu Trường Đại học Cần Thơ | ||